Statistics for Largest Cities and Towns of COLORADO by First Letter

Click here to take the quiz!

General Stats

  • This quiz has been taken 137 times
  • The average score is 10 of 22

Answer Stats

LetterPopulationCITY/TOWN% Correct
D716,492Denver
99%
C472,688Colorado Springs
96%
A374,114Aurora
95%
B107,353Boulder
86%
F167,830Fort Collins
82%
P111,750Pueblo
80%
G107,348Greeley
63%
L156,798Lakewood
62%
W113,479Westminster
51%
T139,436Thornton
46%
V5,450Vail
44%
Y3,460Yuma
29%
M19,512Montrose
27%
E34,690Englewood
26%
N39,010Northglenn
25%
I1,794Idaho Springs
22%
S13,630Sterling
14%
R9,732Rifle
13%
J14,795Johnstown
9%
H2,217Holyoke
6%
K1,655Kersey
3%
O3,161Orchard City
0%

Score Distribution

Percentile by Number Answered

Percent of People with Each Score

Your Score History

You have not taken this quiz